[Event "Bogota Navidad op"]
[Site "Bogota"]
[Date "2024.12.07"]
[Round "7"]
[White "Rodriguez Zambrano, Jheisson Andres"]
[Black "Rua, Nora L"]
[Result "0-1"]
[WhiteElo "1707"]
[BlackElo "1971"]
[PlyCount "78"]
[EventDate "2024.12.04"]
[EventType "swiss"]
[EventRounds "9"]
[EventCountry "COL"]
[SourceTitle "CB50_2024"]
[SourceDate "2024.11.01"]
[SourceVersion "1"]
[SourceVersionDate "2024.11.01"]
[SourceQuality "2"]

1. e4 e5 2. Nf3 Nc6 3. Bb5 Bc5 4. c3 Nf6 5. d3 d6 6. h3 0-0 7. 0-0 Bb6 8. Re1 Ne7 9. Nfd2 Ng4 10. Nf1 c6 11. Ba4 Ng6 12. hxg4 Nf4 13. c4 d5 14. Bxf4 Be3 15. d4 c5 16. Bd7 Qc7 17. Bxc8 Qd7 18. Bxd7 f5 19. exf5 Rxf5 20. gxf5 dxc4 21. d5 c3 22. Qd2 cxd2 23. Nc3 dxe1Q 24. Bxe3 Qxe3 25. Nxe3 c4 26. Nxc4 h5 27. g4 hxg4 28. f3 gxf3 29. f6 Rf8 30. fxg7 Kxg7 31. d6 f2+ 32. Kh2 f1Q 33. Nd1 Qf3 34. Nce3 Qf2+ 35. Kh1 Rf4 36. Nf5+ Rxf5 37. Rb1 Rg5 38. b4 Qh4+ 39. Bh3 Qxh3# 0-1

[Event "Bogota rapid op"]
[Site "Bogota"]
[Date "2024.09.01"]
[Round "7"]
[White "Cortes Roman, Santiago"]
[Black "Rodriguez Zambrano, Jheisson Andres"]
[Result "0-1"]
[WhiteElo "1542"]
[BlackElo "1643"]
[PlyCount "72"]
[EventDate "2024.09.01"]
[EventType "swiss (rapid)"]
[EventRounds "7"]
[EventCountry "COL"]
[SourceTitle "EXT 2025"]
[Source "ChessBase"]
[SourceDate "2024.10.14"]
[SourceVersion "1"]
[SourceVersionDate "2024.10.14"]
[SourceQuality "1"]

1. e4 c6 2. d4 d5 3. e5 c5 4. c3 Nc6 5. Ne2 cxd4 6. cxd4 Bf5 7. Nd2 e6 8. b3 Nb4 9. Nc3 Nc2+ 10. Ke2 Nxd4+ 11. Ke1 Nc2+ 12. Ke2 Nxa1 13. Bb2 Nc2 14. Kf3 Qg5 15. Bb5+ Kd8 16. g3 Bg4+ 17. Kg2 Bxd1 18. f4 Ne3+ 19. Kf2 Ng4+ 20. Ke1 Qe7 21. Kxd1 Nf2+ 22. Ke2 Nxh1 23. Ncb1 Qc5 24. Ba3 Qf2+ 25. Kd1 Bxa3 26. Nxa3 a6 27. Be2 Ne7 28. Nc2 Rc8 29. Bd3 Qg1+ 30. Ke2 Rxc2 31. Bxc2 Nc6 32. Nf3 Qf2+ 33. Kd1 Qxf3+ 34. Kc1 Qc3 35. Kd1 Nd4 36. Bb1 Nf2# 0-1

[Event "Bogota Centro Comercial op 2nd"]
[Site "Bogota"]
[Date "2024.04.14"]
[Round "7"]
[White "Rodriguez Zambrano, Jheisson Andres"]
[Black "Melo Ramirez, Marlon Roman"]
[Result "0-1"]
[WhiteElo "1705"]
[BlackElo "1912"]
[PlyCount "56"]
[EventDate "2024.04.14"]
[EventType "swiss"]
[EventRounds "7"]
[EventCountry "COL"]
[SourceTitle "CBM 219 Extra"]
[Source "ChessBase"]
[SourceDate "2024.05.31"]
[SourceVersion "1"]
[SourceVersionDate "2024.05.31"]
[SourceQuality "1"]

1. e4 d5 2. exd5 Qxd5 3. Nc3 Qd6 4. Bc4 Nf6 5. d3 a6 6. h3 b5 7. Bb3 Bb7 8. Nf3 Nbd7 9. a3 e6 10. Be3 Be7 11. Qd2 0-0 12. 0-0-0 c5 13. Rhg1 Rfd8 14. Kb1 Rac8 15. Qe2 Qc7 16. Bc1 Bf8 17. Nd2 Ne5 18. f4 Nc6 19. g4 Nd4 20. Qf2 b4 21. Ne2 Nxb3 22. Nxb3 c4 23. dxc4 Rxd1 24. Rxd1 Qxc4 25. Ned4 bxa3 26. bxa3 Ne4 27. Qe2 Nc3+ 28. Kb2 Nxe2 0-1